000 00470pab a2200157 454500
008 180718b2001 xxu||||| |||| 00| 0 eng d
100 _aShyamala, C.K.
245 _aElected representation in rural decentralized governance: socio-economic analysis of Zilla panchayat members in Karnataka
260 _c2001
300 _ap.8-18
362 _aJun
650 _aPanchayat - India - Karnataka
650 _aPanchayat
773 _aMan and Development
909 _a49208
999 _c49208
_d49208